La economía justa / (Registro nro. 5528)

Detalles MARC
000 -LEADER
fixed length control field 01206nam a2200301Ia 4500
003 - CONTROL NUMBER IDENTIFIER
control field OSt
005 - DATE AND TIME OF LATEST TRANSACTION
control field 20200624180200.0
008 - FIXED-LENGTH DATA ELEMENTS--GENERAL INFORMATION
fixed length control field 191128s1988 sp ad gr 000 0dspa d
020 ## - INTERNATIONAL STANDARD BOOK NUMBER
International Standard Book Number 8475305024
040 ## - CATALOGING SOURCE
Original cataloging agency CO-JMCR
Transcribing agency CO-JMCR
041 1# - LANGUAGE CODE
Language code of text/sound track or separate title spa
Language code of original eng
082 04 - DEWEY DECIMAL CLASSIFICATION NUMBER
Classification number 330.1556 /
Item number M212e
Edition number 23
100 1# - MAIN ENTRY--PERSONAL NAME
Personal name Meade, J.E.,
Relator term autor
9 (RLIN) 6111
245 10 - TITLE STATEMENT
Title La economía justa /
Statement of responsibility, etc. J.E. Meade ; traducción de José García-Durán
260 ## - PUBLICATION, DISTRIBUTION, ETC.
Place of publication, distribution, etc. España :
Name of publisher, distributor, etc. Orbis,
Date of publication, distribution, etc. 1988.
300 ## - PHYSICAL DESCRIPTION
Extent 320 páginas :
Other physical details gráficos a blanco y negro ;
Dimensions 20 cm.
490 0# - SERIES STATEMENT
Series statement Biblioteca de economía ;
Volume/sequential designation 14
500 ## - GENERAL NOTE
General note Incluye apéndice e índice alfabético.
505 0# - FORMATTED CONTENTS NOTE
Formatted contents note Los objetivos de la política económica -- Comparaciones interpersonales de utilidad -- La distinción entre eficiencia y distribución -- Los objetivos de las políticas de distribución -- Cambios demográficos -- La distribución en el tiempo
534 ## - ORIGINAL VERSION NOTE
Introductory phrase The just economy
546 ## - LANGUAGE NOTE
Language note Traducido del inglés
650 14 - SUBJECT ADDED ENTRY--TOPICAL TERM
Topical term or geographic name entry element Riqueza
9 (RLIN) 6112
650 24 - SUBJECT ADDED ENTRY--TOPICAL TERM
Topical term or geographic name entry element Distribución de la tierra
9 (RLIN) 6113
650 24 - SUBJECT ADDED ENTRY--TOPICAL TERM
Topical term or geographic name entry element Economía del bienestar
9 (RLIN) 3975
650 24 - SUBJECT ADDED ENTRY--TOPICAL TERM
Topical term or geographic name entry element Equidad económica
9 (RLIN) 6114
700 ## - ADDED ENTRY--PERSONAL NAME
Personal name García-Durán, José,
Relator term traductor
9 (RLIN) 6115
942 ## - ADDED ENTRY ELEMENTS (KOHA)
Source of classification or shelving scheme Dewey Decimal Classification
Koha item type Books
Existencias
Withdrawn status Lost status Source of classification or shelving scheme Materials specified (bound volume or other part) Damaged status Not for loan Home library Current library Shelving location Date acquired Source of acquisition Cost, normal purchase price Total Checkouts Full call number Barcode Date last seen Copy number Price effective from Koha item type
    Dewey Decimal Classification Donación--15/04/2018--     Biblioteca Pública José María del Castillo y Rada Biblioteca Pública José María del Castillo y Rada General Stacks 11/28/2019 Donación 0.00   330.1556 / M212e 430002034 05/16/2024 Ej.1 11/28/2019 Books